Dead Rising 2 Notebook Survivor List - Statistics

General Stats
  • This quiz has been taken 21 times
  • The average score is 53 of 118
Answer Stats
Notebook
Number
Age Name Notebook Entry % Correct
2 25 Amber Bailey TK's twin co-hostesses on "Terror Is Reality". "Sexy" doesn't even begin to describe these sisters.
100%
1 25 Crystal Bailey TK's twin co-hostesses on "Terror Is Reality". "Sexy" doesn't even begin to describe these sisters.
100%
5 28 Randy Tugman A socially awkward virgin and internet sex addict who is using the outbreak as a chance to get "married" to any unfortunate women he can find.
100%
112 3 Snowflake the Tiger The ultimate predator. Found in the Yucatan.
100%
3 40 Antoine Thomas Ambitious chef, so dismayed the outbreak ruined his big chance at fame that he is cooking up horrifyingly "unique" dishes to finally top all his rivals.
91%
19 18 Brent Ernst A young naive mascot, Slappy blames Chuck for starting the outbreak, killing his girl and ruining his life.
91%
40 24 John Boog Unlucky with love. Found in the South Plaza Mall.
91%
67 7 Katey Greene Chuck’s spirited daughter. Infected with the zombie virus, she needs Zombrex every 24 hours.
91%
14 32 Big Earl Flaherty One of four buddies who vow to keep America safe from zombies by taking out those responsible for destroying the country - which for them is pretty much anyone still left alive.
82%
7 22 Brandon Whittaker A member of CURE driven mad by the outbreak, who believes the only way to stop oppression is to equalize everyone - by making them all zombies.
82%
8 32 Carl Schliff A pathologically loyal public servant. Neither snow, or sleet... nor zombies shall keep him from his appointed rounds.
82%
39 46 Dean Wayne War veteran. Found in The American Historium in the Americana Casino.
82%
17 28 Leon Bell Chuck’s competition on Terror is Reality. An obsessed former fan, now determined to beat Chuck at the ultimate death match.
82%
4 30 Ted Smith The slightly "slow" caretaker for Snowflake the tiger. Hates people, but loves animals. Will do anything to find food for Snowflake.
82%
16 33 Tyrone King Host and producer for the controversial pay-per-view televison game show "Terror Is Reality".
82%
18 45 Bibi Love This former one-hit wonder will not let anything - not even a zombie outbreak - come in the way of her big comeback show.
73%
46 34 Gordon Dawkins Dedicated husband. Found in Casual Gals in Royal Flush Plaza.
73%
15 22 Johnny James One of four buddies who vow to keep America safe by taking out those responsible for destroying the country - which for them is pretty much anyone still left alive.
73%
98 28 Rebecca Chang Ambitious, beautiful Asian-American news reporter determined to get her first big story.
73%
11 35 Roger Withers One of a pair of failed professional magicians, experimenting with a new, spectacularly gory trick - on anyone unlucky enough to be around.
73%
12 50 Deetz Hartman One of four buddies who vow to keep America safe by taking out those responsible for destroying the country - which for them is pretty much anyone still left alive.
64%
13 30 Derrick Duggan One of four buddies who vow to keep America safe by taking out those responsible for destroying the country - which for them is pretty much anyone still left alive.
64%
72 28 Doris Elchart A feisty grandmother. Found in the Platinum Strip.
64%
93 26 Jack Ellis Well meaning son-in-law. Found in Shank’s knife store in the Palisades Mall.
64%
105 27 Johnny Kilpatrick Eccentric plumber of Tape It Or Die. Found underneath KokoNutz Sports Town in Palisades Mall.
64%
43 35 Lenny Mooney The best man to take to the casino. Found in Yucatan Casino.
64%
94 52 Raymond Sullivan 2 The first (and only) reserve man to make it to the official government shelter alive.
64%
41 25 Ray Teller Found in the South Plaza mall, hiding from a psychopath.
64%
24 25 Stacey Forsythe Passionate and outspoken head of the zombie rights group CURE (Citizens for Undead Rights and Equality).
64%
56 24 Allen Ash Heavy Metal personified. Found on the Stage in the Silver Strip.
55%
103 26 Cameron Welch Bibi’s manager. He talks the talk. Found in captivity at the Slot Ranch Casino.
55%
21 50 Emanuel Tugman Owner of Swept Away wedding chapel, and Fortune City Justice of the Peace. Father to Randy.
55%
32 98 Esther Alwin Kindly old lady. Found inside Children’s Castle in the Royal Flush Plaza.
55%
74 30 Juan Lee Flamboyant fashion designer. Found in captivity at the Slot Ranch Casino.
55%
29 67 Kenneth Walsh Heroic father-in-law. Found in Shank’s knife store in the Palisades Mall.
55%
34 32 Luz Palmer A reliable hole-in-one. Found in the SporTrance at the Royal Flush Plaza.
55%
48 34 Michael Woo Veteran zombie killer. Found outside in Fortune Park.
55%
50 28 Randolph Allen The starving artist. Found in the Cleroux Collection Art gallery in the Palisades Mall.
55%
10 33 Reed Wallbeck One of a pair of failed professional magicians, experimenting with a new, spectacularly gory trick - on anyone unlucky enough to be around.
55%
6 35 Sgt. Dwight Boykin Career Military man who thought he'd seen everything - until the zombie outbreak. Shell-shocked and delusional, he shoots everything that moves.
55%
101 28 Stuart Holmes Honest at heart. Found in the Americana Casino.
55%
53 21 Vikki Taylor Green college student. Found trapped in a bathroom stall.
55%
27 21 Andy Talbat A depressed man brought to the verge by the zombie outbreak. Found in the Palisades Mall.
45%
60 30 Bessie Kent A wealthy debutante. Found in Kathy’s Space in the Royal Flush Plaza.
45%
52 54 Bill Montagu May have a little bit of a problem. Found in the Shamrock Casino
45%
42 27 Brian Scherbey Always rolls 20’s. Found in the South Plaza.
45%
37 60 Chad Elchart Trying to enjoy retirement. Found wandering around Platinum Strip.
45%
23 23 Cinda Smith A beautiful barkeep. Trapped by Antoine in Cucina Donnaci.
45%
73 24 Danni Bodine Almost forced into gruesome matrimony. Found in Swept Away on the Silver Strip.
45%
102 24 Europa Westinghouse A bashful beauty. Found in the Hotel.
45%
113 35 Jacob Skinner 5 card stud. Found playing poker in the Atlantica Casino.
45%
89 26 Jasper Sanford A cheerful bartender. Found above the Hamburger Fiefdom.
45%
115 29 Jessica Howe Easy on the eyes, hard on the wallet. Found playing poker in the Atlantica Casino.
45%
35 30 LaShawndra Dawkins The pants wearer. Found in the Dark Bean in Royal Flush Plaza.
45%
114 44 Nevada Slim Might not be playing with a full deck. Found playing poker in the Atlantica Casino.
45%
26 34 Richard Kelly Nervous chef with good intentions. Found in the Dining at Davey’s Restaurant in the Platinum Strip.
45%
9 35 Seymour Redding A Western-obsessed, insecure security guard who sees the outbreak as his long-awaited chance to be "the law" and get the respect and power he feels he deserves.
45%
33 35 Sven Blaaborg A grizzled paramedic. Found in the One Little Duck Bingo hall in the Silver Strip.
45%
117 31 Tim Duggan Lover of zombie video games. Slow learner. Found in One Little Duck Bingo Hall in the Silver Strip.
45%
25 32 Walter Morris Kinda funny looking. Found in Hot Excitorama.
45%
90 34 Cora Russel Worth every penny. Found in the pool of the Palisades Mall.
36%
79 28 Drake Danton Was seen during the Fortune City outbreak.
36%
47 31 Elrod Bumpkins As American as apple pie. Found in the Arena.
36%
100 28 Floyd Stone Musical Mayhem. Found on the Stage in the Silver Strip.
36%
110 24 Gretchen Peregrine Member of Tape It Or Die. Found underneath KokoNutz Sports Town in Palisades Mall.
36%
44 27 Jared Davis A fun loving party animal. Found in the Wily Travels in the Royal Flush Plaza.
36%
22 25 Justin Tetherford Unfortunate survivor seeking food, mistaken for looter, and brought to "justice".
36%
51 24 Kevin Meyers A numbers genius. Found in the South Plaza Mall.
36%
83 25 Kirby Wilkinson Was seen during the Fortune City outbreak.
36%
109 36 Kris Bookmiller TIR contestant. Found in the Arena.
36%
106 24 Left Hand Lance Tape It Or Die webmaster. Found underneath KokoNutz Sports Town in Palisades Mall.
36%
31 25 Lillian Payne Heartbroken but tough. Found at the edge of the Fortune Hotel roof.
36%
68 52 Mark Bradson Phenotrans staff scientist, monitoring gas operations in Fortune City underground.
36%
81 34 Tom Ebersole Was seen during the Fortune City outbreak.
36%
91 42 Woodrow Rutherford A big cheese in Fortune City. Found at an ATM in the Slot Ranch Casino.
36%
80 19 Adrian Lee Was seen during the Fortune City outbreak.
27%
76 31 Alice Paynter Was seen during the Fortune City outbreak.
27%
36 22 Allison Perkins Assistant to the deranged Diva. Found in captivity at the Slot Ranch Casino.
27%
107 33 Anim White Ambivalent TIR contestant. Found in the Arena.
27%
54 27 Brittany Beck A disgruntled employee. Found in the Americana Casino.
27%
63 57 Camille Payne Stubborn but practical. Found in the Atlantica Casino.
27%
38 25 Curtis Ellenton Can name every comic book hero and their powers. Found in the South Plaza Mall.
27%
45 43 Irwin Sagehorn Was seen during the Fortune City outbreak.
27%
57 24 Jeanna Slick Killer pipes. Found at the Stage in the Silver Strip.
27%
66 28 Kristin Harris Showgirl with a love for drinking. Found in the Security Room of the Americana Casino.
27%
58 24 Linette Watkins Still needs to relax. Found in the Venus Touch Spa.
27%
20 18 Louise Jameson Professional mascot and roller skating aficionado. Companion to Slappy.
27%
84 26 Lucas Pontremoli Was seen during the Fortune City outbreak.
27%
65 21 Lulu Barra A tough and determined party animal.
27%
118 21 Madison Lainey Wanted to make it big in the entertainment industry. Killed by the magicians.
27%
97 25 Matthew Kuss Freshly deployed, but skilled. Found outside in Fortune Park.
27%
85 23 Pat Berkson Was seen during the Fortune City outbreak.
27%
69 49 Pearce Stephens Phenotrans staff scientist, monitoring gas operations in Fortune City underground.
27%
108 26 Skylar Ali Came to Fortune City for the vacation of a lifetime. Found in the Safe House.
27%
64 21 Tammy Blaine A gorgeous mermaid. Found in the Atlantica Casino.
27%
55 27 Terri Glass Rugged, with a soft voice. Found in the South Plaza.
27%
92 24 Trixie-Lynn Horton Finer than a frog’s hair, split 3 ways. Found in the Arena.
27%
70 57 Andrea Brenser Was seen during the Fortune City outbreak.
18%
116 32 Carlos Mertiz A little loco. Run down by the former TIR contestant Leon Bell.
18%
30 22 Chrystal Kennedy Was seen during the Fortune City Outbreak.
18%
111 21 Denyce Calloway A respected pharmacist with an addiction to nasal spray. Found in Roy’s Mart.
18%
96 29 Erica Mayes A fashion journalist who is easy on the eyes. Found in Kathy’s Space in the the Royal Flush Plaza.
18%
71 33 Helen Bonner Was seen during the Fortune City outbreak.
18%
49 30 Janus Razo Slick looking player. Found outside the Atlantica Casino.
18%
78 20 Jenny Slaten Was seen during the Fortune City outbreak.
18%
86 32 Jeremiah Eckland Was seen during the Fortune City outbreak.
18%
87 18 Kalee Timmons Was seen during the Fortune City outbreak.
18%
75 30 Lance Pennington Was seen during the Fortune City outbreak.
18%
99 22 Nina Suhr Foxy lady that doesn’t play games. Found in the pool of the Palisades Mall.
18%
77 77 Noah Hawthorne Was seen during the Fortune City outbreak.
18%
95 28 Rosa Collins Tough never looked so good. Found in Kathy’s Space in the Royal Flush Plaza.
18%
28 28 Royce St. John Student trying to make it as a comedian. Found in Hot Excitorama.
18%
82 62 Shaun Wexler Was seen during the Fortune City outbreak.
18%
62 23 Summer Chavez A tanned beauty. Found in the pool of the Palisades Mall.
18%
59 32 Tamara Stein Dressed to party, but low on morale.
18%
88 32 Wade Coopwood Was seen during the Fortune City outbreak.
18%
104 25 Wallace Hertzog Older member of Tape It Or Die. Found underneath KokoNutz Sports Town in Palisades Mall.
18%
61 28 Willa Harris Tough as nails. Found in the South Plaza.
18%
No matching quizzes found
Score Distribution
Percent of People with Each Score
Percentile by Number Answered
Your Score History
You have not taken this quiz